UM Logo

Instructional modules in fundamentals of criminal investigation and intelligence/ (Record no. 17215)

MARC details
000 -LEADER
fixed length control field 00693nam a2200193 4500
005 - DATE AND TIME OF LATEST TRANSACTION
control field 20241010062522.0
008 - FIXED-LENGTH DATA ELEMENTS--GENERAL INFORMATION
fixed length control field 220824b ||||| |||| 00| 0 eng d
020 ## - INTERNATIONAL STANDARD BOOK NUMBER
International Standard Book Number 9786214182473
082 ## - DEWEY DECIMAL CLASSIFICATION NUMBER
Edition number 2022
Classification number DFil 363.25
Item number R127
100 ## - MAIN ENTRY--PERSONAL NAME
Personal name Rago, Arnold Grecia.
9 (RLIN) 45752
245 ## - TITLE STATEMENT
Title Instructional modules in fundamentals of criminal investigation and intelligence/
Statement of responsibility, etc. Arnold Grecia Rago.
260 ## - PUBLICATION, DISTRIBUTION, ETC. (IMPRINT)
Place of publication, distribution, etc. Quezon City:
Name of publisher, distributor, etc. Wiseman's Books Trading, Inc.,
Date of publication, distribution, etc. ©2022.
300 ## - PHYSICAL DESCRIPTION
Extent iv, 183 pages:
Other physical details illustrations;
Dimensions 22 cm.
500 ## - GENERAL NOTE
General note Includes references.
650 ## - SUBJECT ADDED ENTRY--TOPICAL TERM
Topical term or geographic name as entry element Criminal investigation.
9 (RLIN) 45753
650 ## - SUBJECT ADDED ENTRY--TOPICAL TERM
Topical term or geographic name as entry element Forensic sciences.
9 (RLIN) 45754
650 #0 - SUBJECT ADDED ENTRY--TOPICAL TERM
Topical term or geographic name as entry element Intelligence service.
9 (RLIN) 5501
942 ## - ADDED ENTRY ELEMENTS (KOHA)
Source of classification or shelving scheme Dewey Decimal Classification
Koha item type Filipiniana
Holdings
Withdrawn status Lost status Source of classification or shelving scheme Damaged status Not for loan Collection code Home library Current library Shelving location Date acquired Source of acquisition Cost, normal purchase price Total Checkouts Full call number Barcode Date last seen Date last checked out Copy number Price effective from Koha item type
    Dewey Decimal Classification     Filipiniana UM Digos College - LIC UM Digos College - LIC Book Cart 08/16/2022 Purchased 398.00 2 DFil 363.25 R127 2022 26612 05/15/2025 03/06/2024 1 08/24/2022 Filipiniana
    Dewey Decimal Classification     Filipiniana UM Digos College - LIC UM Digos College - LIC   08/16/2022 Purchased 398.00   DFil 363.25 R127 2022 26613 05/15/2025   2 08/24/2022 Filipiniana
    Dewey Decimal Classification     Filipiniana UM Digos College - LIC UM Digos College - LIC Book Cart 08/16/2022 Purchased 398.00 7 DFil 363.25 R127 2022 26614 05/15/2025 08/30/2024 3 08/24/2022 Filipiniana